A Gentle Reminder/ (Record no. 206093)

MARC details
000 -LEADER
fixed length control field 00538nam a22001937a 4500
005 - DATE AND TIME OF LATEST TRANSACTION
control field 20241004110827.0
010 ## - LCCN (DPL NO)
LC control number ENG-141916
020 ## - INTERNATIONAL STANDARD BOOK NUMBER
International Standard Book Number 9789355438485
Terms of availability 399.00
035 ## - SYSTEM CONTROL NUMBER
System control number EN-125448
037 ## - SOURCE OF ACQUISITION
Source of stock number/acquisition DBAD
082 ## - DEWEY DECIMAL CLASSIFICATION NUMBER
Classification number 158.1
Edition number 1
100 ## - MAIN ENTRY--PERSONAL NAME
Personal name Sparacino, Bianca
245 ## - TITLE STATEMENT
Title A Gentle Reminder/
Statement of responsibility, etc By Bianca Sparacino
250 ## - EDITION STATEMENT
Edition statement 1
260 ## - PUBLICATION, DISTRIBUTION, ETC. (IMPRINT)
Place of publication, distribution, etc Uttar Pradesh
Name of publisher, distributor, etc Amaryllis
Date of publication, distribution, etc 2024
270 ## - ADDRESS
Address C-16, Sector-3, Noida
City Uttar Pradesh
Postal code 201301
300 ## - PHYSICAL DESCRIPTION
Extent 146p.
Dimensions 19cm(pb)
942 ## - ADDED ENTRY ELEMENTS (KOHA)
Source of classification or shelving scheme Dewey Decimal Classification
Item type English Books
Classification part 158.1
Call number suffix SPA
Edition 1
Holdings
Withdrawn status Lost status Not for loan Collection code Home library Current library Date acquired Source of acquisition Cost, normal purchase price Full call number Barcode Copy number Cost, replacement price Koha item type
    Not For Loan Non-fiction D.B.Act.Division D.B.Act.Division 04/10/2024 Delivery of Books Act Division 399.00 158.1 SPA EN-125448 1 399.00 English Books

© Delhi Public Library
Hit Counter
free hit counter